000 00932nam a2200253Ia 4500
999 _c36346
_d36346
001 2256
003 GE_BSU
005 20190430153443.0
008 181216s1997||||ge |||||||||||||| ||geo||
040 _cGE_BSU
041 _ageo
080 _a616-093(075.8) მ–43
100 _a
_9543
245 _aსამედიცინო პარაზიტოლოგია /
_bსახელმძღვანელო.
264 _aთბილისი,
_c1997.
300 _a352გვ.;
_b19 სმ.
653 _aმედიცინა
653 _aპარაზიტოლოგია.
700 _aაბზიანიძე, ე.
_eავტორი
_9544
700 _aმაჭავარიანი, ნ.
_eავტორი
_9545
700 _aგიგინეიშვილი, ც.
_eავტორი
_9546
700 _aბადრიძე, მ.
_eავტორი
_9547
942 _cBK
_2udc